000 00544ntaaa2200181 4500
003 01
005 20251027202234.0
008 0714s1973 ag 01
040 _aAR-BaBN
_bspa
_cAR-BaBN
_eaacr
_dRIC
082 _a268.11 W89
100 _aWorley, Lynnette
_920858
245 _aGod's plan for me /
_cLynnette Worley
260 _aNashville :
_bConvention Press,
_c1970
300 _a98 p.
500 _aGuía para maestros de párvulos en escuelas bíblicas de vacaciones
500 _aBAJA PATRIMONIAL POR OBSOLESCENCIA 20190405
942 _cBK
999 _c17236
_d17236